| 000 | 00721nam a2200217 a 4500 | ||
|---|---|---|---|
| 001 | BRL_729 | ||
| 005 | 20190320210854.0 | ||
| 008 | 300913s1993----be-ab#####---#000-0#fre-# | ||
| 041 | _afre | ||
| 044 | _abe | ||
| 050 | 4 |
_aGT625 _b.C67 1993 |
|
| 245 | 1 | 0 | _aLe Costume Mexicain. |
| 260 |
_a[Bruselas, Bélgica] _bFoundation Europalia International _c1993 |
||
| 300 |
_a185 p. _bil. (algunas a color), mapas _c27 cm. |
||
| 500 | _aDonación de Sonia Corcuera | ||
| 500 | _aCatálogo de la exposición realizada en la Galería CGER (Bruselas), 30 septiembre - 12 diciembre, 1993 | ||
| 546 | _aTexto en : francés | ||
| 650 | 1 | 4 |
_aIndumentaria _zMéxico _9808 |
| 650 | 1 | 4 |
_aPrendas de vestir _zMéxico _924774 |
| 942 |
_2lcc _cB |
||
| 999 |
_c9541 _d9541 |
||